Un gusano sabroso y regordete/ (Registro nro. 60613)

Detalles MARC
000 -CABECERA
Longitud fija campo de control 01208nam a2200361 c 4500
003 - • IDENTIFICADOR DELl NÚMERO DE CONTROL
Identificador del número de control SpMaBN
005 - • FECHA Y HORA DE LA ÚLTIMA TRANSACCIÓN
Fecha y hora de la última transacción 20260309165739.0
007 - • CAMPO FIJO DE DESCRIPCIÓN FÍSICA
Campo fijo de descripción física ta
008 - • CÓDIGOS DE INFORMACIÓN DE LONGITUD FIJA
Códigos de información de longitud fija 240402s2024 sp a | |||| 000 j spa
017 ## - NÚMERO DE COPYRIGHT O DE DEPÓSITO LEGAL
Número de copyright o de depósito legal B 15419-2023
Agencia que asigna el número Oficina Depósito Legal Barcelona
020 ## - • NÚMERO INTERNACIONAL NORMALIZADO PARA LIBROS
Número Internacional Normalizado para Libros (ISBN) 9788411580878
040 ## - FUENTE DE LA CATALOGACIÓN
Centro catalogador de origen SpMaBN
Lengua de catalogación spa
Centro transcriptor SpMaBN
Normas de descripción rda
041 1# - • CÓDIGO DE LENGUA
Código de lengua del texto/banda sonora o título independiente spa
Código de lengua original slo
080 ## - NÚMERO DE LA CLASIFICACIÓN DECIMAL UNIVERSAL
Número de la Clasificación Decimal Universal 087.5:82
100 1# - • PUNTO DE ACCESO PRINCIPAL-NOMBRE DE PERSONA
Nombre de persona Macurová, Katarína
Término indicativo de función autor
-- ilustrador
240 10 - • TÍTULO UNIFORME
Título uniforme <a href="Veľká chutná dážďovka">Veľká chutná dážďovka</a>
245 13 - • TITULO PROPIAMENTE DICHO
Título Un gusano sabroso y regordete/
Mención de responsabilidad, etc. Katarína Macurová ; traducción de Carolina Montoto
250 ## - • MENCI&Oacute;N DE EDICI&Oacute;N
Mención de edición Primera edición: febrero de 2024
264 #1 - PRODUCCI&Oacute;N, PUBLICACI&Oacute;N , DISTRIBUCI&Oacute;N, FABRICACI&Oacute;N Y COPYRIGHT
Lugar de producción, publicación, distribución, fabricación [Barcelona]
Nombre del productor, editor, distribuidor, fabricante Combel
Fecha de de producción, publicación, distribución, fabricación o copyright [2024]
264 #3 - PRODUCCI&Oacute;N, PUBLICACI&Oacute;N , DISTRIBUCI&Oacute;N, FABRICACI&Oacute;N Y COPYRIGHT
Lugar de producción, publicación, distribución, fabricación Impreso en China
Nombre del productor, editor, distribuidor, fabricante [fabricante no identificado]
Fecha de de producción, publicación, distribución, fabricación o copyright [2024]
264 #4 - PRODUCCI&Oacute;N, PUBLICACI&Oacute;N , DISTRIBUCI&Oacute;N, FABRICACI&Oacute;N Y COPYRIGHT
Fecha de de producción, publicación, distribución, fabricación o copyright ©2024
300 ## - • DESCRIPCI&Oacute;N F&Iacute;SICA
Extensión 39 páginas sin numerar
Otras características físicas ilustraciones (color)
Dimensiones 24x27 cm
336 ## - TIPO DE CONTENIDO
Término de tipo de contenido Texto
-- Imagen fija
Fuente rdacontent
Código de tipo de contenido txt
337 ## - TIPO DE MEDIO
Nombre del tipo de medio sin mediación
Fuente rdamedia
Código del tipo de medio n
338 ## - TIPO DE SOPORTE
Nombre del tipo de soporte volumen
Fuente rdacarrier
Código del tipo de soporte nc
650 ## - • PUNTO DE ACCESO ADICIONAL DE MATERIA - T&Eacute;RMINO DE MATERIA
Fuente del encabezamiento o término LEMB
655 #7 - • T&Eacute;RMINO DE INDIZACI&Oacute;N - G&Eacute;NERO&#47;FORMA
Datos o término principal de género/forma Cuentos infantiles
Fuente del término tgfbne
9 (RLIN) 41091
655 #7 - • T&Eacute;RMINO DE INDIZACI&Oacute;N - G&Eacute;NERO&#47;FORMA
Datos o término principal de género/forma Libros infantiles
Fuente del término tgfbne
655 #7 - • T&Eacute;RMINO DE INDIZACI&Oacute;N - G&Eacute;NERO&#47;FORMA
Datos o término principal de género/forma Libros ilustrados
Fuente del término tgfbne
700 1# - • PUNTO DE ACCESO ADICIONAL - NOMBRE DE PERSONA
Nombre de persona Montoto, Carolina
Fechas asociadas al nombre 1968-
Término indicativo de función traductor
942 ## - ENTRADA DE ELEMENTOS AGREGADOS (KOHA)
Fuente de clasificaión o esquema Dewey Decimal Classification
Koha [por defecto] tipo de item Literatura Infantil
Existencias
Perdido Fuente de clasificaci&oacute;n o esquema Estado Físico No para pr&eacute;stamo Forma de adquisición Localizaci&oacute;n permanente Localizaci&oacute;n actual Localización en estanterías Fecha adquisici&oacute;n Pr&eacute;stamos totales Signatura completa C&oacute;digo de barras Fecha &uacute;ltima consulta N&uacute;mero de copia Fecha del precio de reemplazo Tipo de item de Koha Fuente de adquisici&oacute;n Calificador de ubicaci&oacute;n codificada
  Dewey Decimal Classification     Infantil Biblioteca Pública Dorado Biblioteca Pública Dorado Sala Infantil 02/25/2026   A MAC DOR03444 02/25/2026 Ej.1 02/25/2026 LIbro    
  Dewey Decimal Classification     Infantil Biblioteca Pública José Eustasio Rivera - San Martin Biblioteca Pública José Eustasio Rivera - San Martin Sala Infantil 03/11/2026     SM04498 03/11/2026 Ej.1 03/11/2026 Literatura Infantil    
  Dewey Decimal Classification     Infantil Biblioteca Pública Puerto López - Jorge Eliecer Gaitán Biblioteca Pública Puerto López - Jorge Eliecer Gaitán Sala Infantil 05/11/2026   A MAC PLZ01843 05/11/2026 Ej.1 05/11/2026 Literatura Infantil    
  Dewey Decimal Classification     Colección Sala Infantil de Literatura Pocatil y Tilín Biblioteca Pública Departamental Eduardo Carranza - Villavicencio Biblioteca Pública Departamental Eduardo Carranza - Villavicencio Sala Infantil 05/13/2026   I 894 M149u ECA28844 05/13/2026 Ej.1 05/13/2026 Literatura Infantil    
  Dewey Decimal Classification     Infantil Biblioteca Pública Guamal Biblioteca Pública Guamal Sala Infantil 03/09/2026   C MAC GUA005064 03/09/2026 Ej.1 03/09/2026 Literatura Infantil    
  Dewey Decimal Classification     Infantil Biblioteca Pública Rural El Yarí- vereda Playa Rica La Macarena Biblioteca Pública Rural El Yarí- vereda Playa Rica La Macarena Sala Infantil 04/20/2026     9788411580878 05/11/2026 Ej.1 05/11/2026 Literatura Infantil Instituto Departamental de Cultura del Meta 9788411580878









Instituto Departamental de Cultura del Meta - Red Departamental de Bibliotecas Públicas del Meta.